000 01483cam a22003974a 4500
001 14945925
003 OSt
005 20140310181630.0
008 070730s2005 nyua b 001 0 eng
010 _a 2007278594
020 _a9780743287937 (pbk.)
020 _a0743287932 (pbk.)
040 _aDLC
_cDLC
_dDLC
050 0 0 _aBF 637.S4
_b.C873 2004
082 _aTR 158.22
_bC83 2004
100 1 _aCovey, Stephen R.
_9729
245 1 4 _aThe 8th habit :
_bfrom effectiveness to greatness /
_cStephen R. Covey.
246 3 _aEighth habit
250 _a1st Free Press trade pbk. ed.
260 _aNew York :
_bFree Press,
_c2005.
300 _axvi, 409 p. :
_bill. ;
_c22 cm.
521 _aFaculty
541 _j1
562 _eFor circulation. 1 copy in the collection
650 0 _aSelf-actualization (Psychology)
_978
650 0 _aSuccess.
_9730
650 0 _aSatisfaction.
_9731
650 0 _aVocation.
_9732
856 4 2 _3Contributor biographical information
_uhttp://www.loc.gov/catdir/enhancements/fy0739/2007278594-b.html
856 4 2 _3Publisher description
_uhttp://www.loc.gov/catdir/enhancements/fy0739/2007278594-d.html
856 4 1 _3Sample text
_uhttp://www.loc.gov/catdir/enhancements/fy0739/2007278594-s.html
856 4 1 _3Table of contents only
_uhttp://www.loc.gov/catdir/enhancements/fy0739/2007278594-t.html
906 _a7
_bcbc
_corigcop
_d2
_encip
_f20
_gy-gencatlg
942 _2lcc
_cBK-TR
_kTR
999 _c478
_d478